000 02731nam a2200469 c 4500
999 _c193755
_d193755
003 BLK
005 20250710154225.0
008 180411b bul|||||r ||||||| ||bul||
010 _aKNG00202977000
020 _a978-619-152-993-3
040 _aBLK
041 _aBUL
_cBUL
080 _aВъзпитаване на лица, трудни за възпитаване - Възпитание на ранно развити деца, на високо надарени, разглезени, принудително възпитания на младежи, подлежащи на наказание. Вж и 343.81;343.8
_b376.5
_x.015.3
_z376.5.015.3
080 _aОтбягване. Неприятелство. Агресия. Насилие
_b316.647.3
_x-053.2
_z316.647.3-053.2
080 _aПсихология на детската и юношеска възраст
_b159.922.7/.8
_z159.922.7/.8
080 _aПсихотерапия - Психодрама, лечение по системата на йогите, колективна психотерапия, терапевтично влияние на музиката, изкуство. Медитация - психотерапевтични аспекти. Самовнушение. Вж и 616.89
_b615.851
_x-053.2
_z615.851-053.2
100 1 _aПетерман, Франц
_eпърви автор
_9346376
139 _aПетерман, Франц и др.
_bП 42
245 1 0 _aРабота с деца с агресивно поведение
_cФранц Петерман; съавт. Улрике Петерман; прев. от нем. Мира Василева.
257 _aDEU
260 _bИзток-Запад
_c2017
300 _a528 с.
_c22 см
380 _a3
500 _aОриг. загл. Training mit aggressiven Kindern / Franz Petermann, Ulrike Petermann.
650 4 _aАгресия - при децата
_9259475
650 4 _aПоведение, девиантно
_9279221
650 4 _aУчебно-възпитателна работа
_9246003
650 4 _aДетска и педагогическа психология
_9244538
653 _aагресия
653 _aдевиантно поведение
653 _aпсихотерапия
659 _aН
700 1 _aПетерман, Улрике
_eсъавт.
_9346377
700 1 _aВасилева, Мира
_eпрев. от нем.
_9385231
852 _aЦб 284587
856 4 _qpdf
_i0.00
_ldisable
856 4 _qpdf
_i0.00
_ldisable
942 _cKNG
_n0
_019
_s1
944 _aCR
_c14.03.2017
_lТеодора Пейчева-Дянкова
_k30556
944 _aED
_c16.01.2018
_lф /
_kЛюдмила_Стоянова
999 _d193755